Widok standardowy
Widok MARC
Pozycja Personal Name
Liczba rekordów, w których użyto hasła: 1
001 - Numer kontrolny
- control field: 39756
003 - Identyfikator numeru kontrolnego
- control field: NUKAT
005 - Data i czas ostatniej modyfikacji
- control field: 20260409122455.0
008 - Dane kontrolne kodowane (40 znaków)
- fixed length control field: 100728n||azznnbabn |a aaa |c
010 ## - Numer kontrolny Biblioteki Kongresu
- numer kontrolny LC: p 2010028056
024 7# - OTHER STANDARD IDENTIFIER
- Standard number or code: 44722005
- Source of number or code: viaf
035 ## - Numer systemowy
- numer systemowy: a24369366
035 ## - Numer systemowy
- numer systemowy: (PL)a0000002436936
040 ## - Instytucja sporządzająca rekord
- inst. przygot. dane do rek. khw: WA M/MK
- język haseł przedmiotowych/tezaurus: DBN
- inst. wprow. rek. khw: WA M/MK
043 ## - Kod obszaru geograficznego
- ISO code: PL
046 ## - Special dates
- Birth date: 1960
- Death date: 2010
100 1# - Hasło - nazwa osobowa
- nazwa osobowa w formie ujednoliconej: Kurtyka, Janusz
- daty biograficzne: (1960-2010)
370 ## - Associated place
- Country: Polska
372 ## - Field of activity
- Field: Historia
375 ## - Gender
- Gender: 1
- Source of term: iso5218
377 ## - Assoc lang
- Lang code: pol
400 1# - Trop zob. - nazwa osobowa
- nazwa osobowa (nazwisko, imiona): Kurtyka, Janusz Marek
550 ## - Trop zob. też - nazwa pospolita
- nazwa posp. lub nazwa geogr. na pocz.: Nagroda im. Janusza Kurtyki
670 ## - Źródło informacji
- źródło informacji: Wikipedia